000 00701cam a2200241 4500
001 J2980
008 090401t1995 xxu||||| |||| 00| 0 eng d
035 _a(Sirsi) u52356
041 _aeng
050 _a692.8
110 _aNational Joint Consultative Committee for Building
_9994
245 _aCode of procedure for selective tendering for design and build.
250 _aRevised ed.
260 _aLondon
_bNJCC
_c1995
300 _a12p. ; 30cm.
350 _a6
650 _aBUILT ENVIRONMENT-BUILDING CONTRACT FORMS
650 _aDESIGN AND BUILD CONTRACTS
650 _aSELECTIVE TENDERING
690 _aBUILT ENVIRONMENT-BUILDING CONTRACT FORMS
942 _n0
948 _c04/03/1997
999 _c93043
_d93043